|
|
|
|
| LEADER |
00000nam0a2200000 4500 |
| 001 |
273244 |
| 005 |
20231101234618.0 |
| 010 |
|
|
|a 9785971013402
|
| 035 |
|
|
|a (RuTPU)RU\TPU\book\296453
|
| 090 |
|
|
|a 273244
|
| 100 |
|
|
|a 20141024d2015 km y0rusy50 ca
|
| 101 |
0 |
|
|a rus
|a eng
|
| 102 |
|
|
|a RU
|
| 105 |
|
|
|a a g 001zy
|
| 200 |
1 |
|
|a Нанотехнология. Коллоидная и супрамолекулярная химия
|e энциклопедический справочник
|e более 1000 словарных статей, упорядоченных по английским эквивалентам
|f В. В. Арсланов
|
| 210 |
|
|
|a Москва
|c ЛЕНАНД
|d 2015
|
| 215 |
|
|
|a 387 с.
|c ил.
|
| 320 |
|
|
|a Библиогр.: с. 377-387.
|
| 320 |
|
|
|a Алфавитный указатель терминов: с. 343-376.
|
| 330 |
|
|
|a Издание представляет собой энциклопедический справочник по нанотехнологии, коллоидной и супрамолекулярной химии, содержащий более 1000 словарных статей, организованных в соответствии с их английскими эквивалентами. Необходимость создания такого междисциплинарного справочника (глоссария) обусловлена тем, что эти родственные научные дисциплины используют близкие или идентичные объекты, оперируют аналогичными подходами и методами и решают схожие проблемы. Этот первый словарь по данной тематике включает новые термины, возникшие в результате рождения и развития нанотехнологии и такой же молодой научной дисциплины - супрамолекулярной химии. Естественно включение в компанию этих дисциплин коллоидной химии как прародительницы нанотехнологии, а, во многом, и супрамолекулярной химии. Посредством супрамолекулярной и коллоидной химии устанавливается связь нанотехнологии с биологией и медициной. Множество живых систем, таких как клеточные рибосомы, вирусы, везикулы, представляют собой наноструктуры, а их функции реализуются на наноуровне.
|
| 606 |
1 |
|
|a Нанотехнология
|2 stltpush
|3 (RuTPU)RU\TPU\subj\51510
|9 70088
|
| 606 |
1 |
|
|a Коллоидная химия
|2 stltpush
|3 (RuTPU)RU\TPU\subj\68635
|9 83831
|
| 606 |
1 |
|
|a Супрамолекулярная химия
|2 stltpush
|3 (RuTPU)RU\TPU\subj\72611
|9 86052
|
| 610 |
1 |
|
|a энциклопедические справочники
|
| 610 |
1 |
|
|a термины
|
| 610 |
1 |
|
|a определения
|
| 610 |
1 |
|
|a английские эквиваленты
|
| 675 |
|
|
|a 544.16(035)
|v 3
|
| 675 |
|
|
|a 544.7(035)
|v 3
|
| 675 |
|
|
|a 620.3(035)
|v 3
|
| 700 |
|
1 |
|a Арсланов
|b В. В.
|g Владимир Валентинович
|
| 801 |
|
1 |
|a RU
|b 63413507
|c 20141024
|
| 801 |
|
2 |
|a RU
|b 63413507
|c 20150430
|g RCR
|
| 900 |
|
|
|a Нанотехнологии
|
| 900 |
|
|
|a Коллоидная химия
|
| 942 |
|
|
|c BK
|
| 959 |
|
|
|a 139/20141024
|d 2
|e 699,00
|f ЧЗТЛ:1
|f АНЛ:1
|